解放军海军052D驱逐舰的命名城市 - Statistics

General Stats
  • This quiz has been taken 28 times
    3 since last reset
  • The average score is 3 of 31
Answer Stats
舷号 隶属舰队 Answer % Correct
132 东海舰队驱3 苏州
100%
175 南海舰队驱9 银川
50%
117 北海舰队驱1 西宁
50%
122 北海舰队驱10 唐山
50%
125 北海舰队驱10 沧州
50%
172 南海舰队驱9 昆明
0%
173 南海舰队驱9 长沙
0%
174 南海舰队驱9 合肥
0%
161 南海舰队驱2 呼和浩特
0%
162 南海舰队驱2 南宁
0%
163 南海舰队驱2 焦作
0%
164 南海舰队驱2 桂林
0%
165 南海舰队驱2 湛江
0%
166 南海舰队驱2 渭南
0%
118 北海舰队驱1 乌鲁木齐
0%
127 北海舰队驱1 驻马店
0%
119 北海舰队驱10 贵阳
0%
120 北海舰队驱10 成都
0%
121 北海舰队驱10 齐齐哈尔
0%
123 北海舰队驱10 淮南
0%
124 北海舰队驱10 开封
0%
126 北海舰队驱10 菏泽
0%
154 东海舰队驱6 厦门
0%
155 东海舰队驱6 南京
0%
156 东海舰队驱6 淄博
0%
157 东海舰队驱6 丽水
0%
158 东海舰队驱6 宿州
0%
131 东海舰队驱3 太原
0%
133 东海舰队驱3 包头
0%
134 东海舰队驱3 绍兴
0%
135 东海舰队驱3 达州
0%
No matching quizzes found
Score Distribution
Percent of People with Each Score
Percentile by Number Answered
Your Score History
You have not taken this quiz since the last reset